000 00640nam a2200181 i 4500
001 146236
003 ES-MaACL
005 20260210163247.0
007 t|
008 070905s1953 sp ||||1| spa d
245 0 0 _aTrabajos selectivos en maíces.
260 _a[Madrid :
_bs.n.],
_c1953.
300 _a8 fol. :
_bil. ;
_c22 cm.
500 _aPrecede al tít.: Ministerio de Agricultura. Instituto Nacional de Investigaciones Agronómicas. Centro de Cerealicultura de Madrid.
710 _aInstituto Nacional de Investigaciones Agronómicas
_c(España)
_9219222
852 _aES-MaACL
_j2025-F-15
_bR.34707
999 _c146236
_d146236